[Event "ROM-ch"]
[Site "Eforie Nord"]
[Date "2024.02.29"]
[Round "7"]
[White "Coicev, Matei Andrei"]
[Black "Vedmediuc, Artiom"]
[Result "1-0"]
[WhiteElo "2122"]
[BlackElo "2035"]
[PlyCount "113"]
[EventDate "2024.02.24"]
[EventType "swiss"]
[EventRounds "9"]
[EventCountry "ROU"]
[SourceTitle "CB10_2024"]
[SourceDate "2024.03.06"]
[SourceVersion "1"]
[SourceVersionDate "2024.03.06"]
[SourceQuality "1"]

1. e4 c6 2. Nf3 d5 3. Nc3 Bg4 4. h3 Bxf3 5. Qxf3 e6 6. exd5 cxd5 7. d4 Nc6 8. Bb5 Rc8 9. 0-0 Nf6 10. Ne2 Bd6 11. c3 0-0 12. Bg5 Be7 13. Bd3 a6 14. Ng3 Re8 15. Rfe1 Na5 16. Qe2 Nc4 17. f4 Nd7 18. Bxe7 Qxe7 19. Bxc4 Rxc4 20. Nf5 Qf8 21. Ne3 Rcc8 22. f5 Nf6 23. Qf3 Rcd8 24. fxe6 Rxe6 25. Nf5 Ne4 26. Ng3 Qe7 27. Nxe4 dxe4 28. Qe3 f5 29. Rad1 Qc7 30. Rf1 g6 31. Kh1 b5 32. Rf2 Re7 33. Rdf1 Rf8 34. g4 Ref7 35. gxf5 gxf5 36. Rg1+ Kh8 37. Rfg2 Rf6 38. d5 Qe5 39. Qa7 Rh6 40. Rg3 f4 41. Rf1 f3 42. Qg1 Qxd5 43. Qe3 Rhf6 44. Rg4 Qh5 45. Kh2 Qe5+ 46. Kh1 Rf4 47. Rxf4 Rxf4 48. Rd1 Rf8 49. Rf1 Rd8 50. Rg1 Qh5 51. Kh2 Qe5+ 52. Kh1 Qe6 53. Kh2 h6 54. Rg3 Rd3 55. Qa7 Rd2+ 56. Kh1 Qd7 57. Qb8+ 1-0

[Event "ROM-ch"]
[Site "Eforie Nord"]
[Date "2024.02.28"]
[Round "6"]
[White "Costescu, Mihnea Constantin"]
[Black "Coicev, Matei Andrei"]
[Result "1-0"]
[WhiteElo "1944"]
[BlackElo "2122"]
[PlyCount "87"]
[EventDate "2024.02.24"]
[EventType "swiss"]
[EventRounds "9"]
[EventCountry "ROU"]
[SourceTitle "CB10_2024"]
[SourceDate "2024.03.06"]
[SourceVersion "1"]
[SourceVersionDate "2024.03.06"]
[SourceQuality "1"]

1. Nf3 Nf6 2. c4 g6 3. Nc3 c5 4. d4 cxd4 5. Nxd4 Bg7 6. e4 d6 7. Be2 0-0 8. 0-0 Nc6 9. Be3 Nxd4 10. Bxd4 Nd7 11. Bxg7 Kxg7 12. Bg4 Nc5 13. b3 Qa5 14. Rc1 Bxg4 15. Qxg4 a6 16. Qe2 b5 17. Nd5 Qd8 18. b4 Nd7 19. cxb5 axb5 20. Nc7 Ra4 21. a3 Nf6 22. Rfd1 Qb8 23. Nxb5 Qb6 24. e5 dxe5 25. Qxe5 Kg8 26. h3 Rb8 27. Qxe7 Re8 28. Qc5 Qb8 29. Nc7 Re2 30. Qc6 Ne4 31. Qxa4 Qb6 32. Qe8+ Kg7 33. Qe5+ Kh6 34. Qd4 Re1+ 35. Kh2 Qxd4 36. Rxd4 Rxc1 37. Rxe4 Rxc7 38. a4 Kg5 39. Re5+ Kf6 40. Rb5 Ke6 41. Kg3 Rc3+ 42. f3 Kd6 43. a5 Ra3 44. Rb7 1-0

[Event "ROM-ch"]
[Site "Eforie Nord"]
[Date "2024.02.27"]
[Round "5"]
[White "Coicev, Matei Andrei"]
[Black "Dodoi, Matei Teodor"]
[Result "1/2-1/2"]
[WhiteElo "2122"]
[BlackElo "1947"]
[PlyCount "130"]
[EventDate "2024.02.24"]
[EventType "swiss"]
[EventRounds "9"]
[EventCountry "ROU"]
[SourceTitle "CB10_2024"]
[SourceDate "2024.03.06"]
[SourceVersion "1"]
[SourceVersionDate "2024.03.06"]
[SourceQuality "1"]

1. c4 Nf6 2. Nc3 d5 3. cxd5 Nxd5 4. g3 g6 5. Bg2 Nxc3 6. bxc3 Bg7 7. Nf3 0-0 8. 0-0 c5 9. Rb1 Nc6 10. Qc2 Qc7 11. d3 Bd7 12. Be3 b6 13. Nd2 Rac8 14. Nc4 Rfd8 15. a4 Be6 16. Na3 Qd7 17. Rfd1 Bd5 18. Bxd5 Qxd5 19. Nc4 Ne5 20. Nxe5 Qxe5 21. Rdc1 Rc6 22. a5 Qc7 23. axb6 Rxb6 24. Rxb6 axb6 25. Qa4 Qd7 26. Qb3 Qc6 27. Rb1 Rb8 28. c4 Be5 29. Qa3 h5 30. Qa7 h4 31. Qxe7 h3 32. f3 Re8 33. Rxb6 Qa4 34. Qg5 Bd4 35. Rxg6+ fxg6 36. Qxg6+ Kf8 37. Qf5+ Ke7 38. Bxd4 cxd4 39. Qe5+ Kd7 40. Qxd4+ Kc7 41. Kf2 Qc6 42. e4 Ra8 43. Qg7+ Qd7 44. Qxd7+ Kxd7 45. g4 Ra3 46. d4 Ra4 47. Kg3 Rxc4 48. Kxh3 Rxd4 49. Kg3 Ke6 50. Kf4 Kf6 51. h4 Kg6 52. h5+ Kh6 53. Kf5 Rd8 54. f4 Rf8+ 55. Ke5 Re8+ 56. Kd5 Rf8 57. f5 Kg5 58. Kd6 Kxg4 59. Ke7 Ra8 60. f6 Kxh5 61. f7 Kg6 62. f8N+ Rxf8 63. Kxf8 Kf6 64. Ke8 Ke5 65. Ke7 Kxe4 1/2-1/2

[Event "ROM-ch"]
[Site "Eforie Nord"]
[Date "2024.02.26"]
[Round "3"]
[White "Coicev, Matei Andrei"]
[Black "David, Alexandru Vasile"]
[Result "1/2-1/2"]
[WhiteElo "2122"]
[BlackElo "2360"]
[PlyCount "75"]
[EventDate "2024.02.24"]
[EventType "swiss"]
[EventRounds "9"]
[EventCountry "ROU"]
[SourceTitle "CB10_2024"]
[SourceDate "2024.03.06"]
[SourceVersion "1"]
[SourceVersionDate "2024.03.06"]
[SourceQuality "1"]

1. e4 c5 2. Nf3 Nc6 3. Bb5 e6 4. 0-0 Nge7 5. d4 cxd4 6. Nxd4 Qb6 7. Nxc6 bxc6 8. Be2 Ng6 9. c4 Be7 10. Nc3 c5 11. Rb1 0-0 12. Be3 Qc7 13. Qd2 d6 14. Rfd1 Bb7 15. f3 Rfd8 16. Qe1 Bf6 17. Rbc1 Qe7 18. Qf2 Ne5 19. f4 Ng6 20. e5 dxe5 21. Bxc5 Qe8 22. fxe5 Bxe5 23. Bf3 Rxd1+ 24. Rxd1 Qc8 25. Bxb7 Qxb7 26. Bd4 Qc7 27. Bxe5 Nxe5 28. Qf4 Qb6+ 29. Kh1 f6 30. b3 Rd8 31. Rxd8+ Qxd8 32. h3 Qd3 33. Qc1 h5 34. Qe1 Qd4 35. Nb5 Qb2 36. Qd1 Qxa2 37. Qxh5 Qxb3 38. Qe8+ 1/2-1/2

[Event "Wch U14"]
[Site "Montesilvano"]
[Date "2023.11.23"]
[Round "10"]
[White "Coicev, Matei Andrei"]
[Black "Kozlovic, Jernej"]
[Result "1/2-1/2"]
[WhiteElo "2006"]
[BlackElo "2263"]
[PlyCount "106"]
[EventDate "2023.11.13"]
[EventType "swiss"]
[EventRounds "11"]
[EventCountry "ITA"]
[SourceTitle "CB48_2023"]
[SourceDate "2023.11.29"]
[SourceVersion "1"]
[SourceVersionDate "2023.11.29"]
[SourceQuality "1"]

1. e4 e5 2. Nf3 Nc6 3. Nc3 Nf6 4. d4 exd4 5. Nxd4 Bb4 6. Nxc6 bxc6 7. Bd3 d5 8. Bd2 Bxc3 9. Bxc3 dxe4 10. Bxf6 Qxf6 11. Bxe4 Ba6 12. Bd3 Bxd3 13. cxd3 Qxb2 14. 0-0 0-0 15. Qf3 Rad8 16. Qxc6 Rxd3 17. Qxc7 Rfd8 18. h3 R3d7 19. Qa5 Qd2 20. Qa6 Qd3 21. Qa5 Qd5 22. Qa6 Qe6 23. Qa5 Qd5 24. Qa6 Qd3 25. Qa5 Qd2 26. Qa6 Re8 27. Qa4 Qd4 28. Qb3 Red8 29. Rae1 g6 30. Re3 Qd5 31. Rfe1 Qxb3 32. axb3 Kf8 33. Ra1 Rb8 34. Kf1 Rb6 35. Rc3 Ke7 36. Ke2 Rbd6 37. Ra2 Kd8 38. g3 a6 39. Rac2 h5 40. h4 Re7+ 41. Re3 Red7 42. Rec3 Ke7 43. Re3+ Kf6 44. Rf3+ Ke6 45. Re3+ Kf5 46. Kf3 f6 47. Rc5+ Rd5 48. Rec3 g5 49. hxg5 fxg5 50. Rxd5+ Rxd5 51. b4 g4+ 52. Kg2 Rb5 53. Rc6 Rxb4 1/2-1/2

[Event "Arad op 16th"]
[Site "Arad"]
[Date "2023.08.09"]
[Round "4"]
[White "Harikrishnan, A Ra"]
[Black "Coicev, Matei Andrei"]
[Result "1-0"]
[WhiteElo "2406"]
[BlackElo "2093"]
[PlyCount "31"]
[EventDate "2023.08.07"]
[EventType "swiss"]
[EventRounds "9"]
[EventCountry "ROU"]
[SourceTitle "EXT 2024"]
[Source "ChessBase"]
[SourceDate "2023.10.10"]
[SourceVersion "1"]
[SourceVersionDate "2023.10.10"]
[SourceQuality "1"]

1. e4 c5 2. Nf3 Nc6 3. Bb5 g6 4. Bxc6 dxc6 5. 0-0 Bg7 6. d3 Nf6 7. h3 0-0 8. Nc3 Nd7 9. a4 a5 10. Be3 e5 11. Qd2 Re8 12. Nh2 b6 13. Bh6 Nf8 14. Bxg7 Kxg7 15. f4 exf4 16. Qxf4 1-0

[Event "Arad op 16th"]
[Site "Arad"]
[Date "2023.08.08"]
[Round "2"]
[White "Jinan, Jomon"]
[Black "Coicev, Matei Andrei"]
[Result "1-0"]
[WhiteElo "2400"]
[BlackElo "2093"]
[PlyCount "65"]
[EventDate "2023.08.07"]
[EventType "swiss"]
[EventRounds "9"]
[EventCountry "ROU"]
[SourceTitle "EXT 2024"]
[Source "ChessBase"]
[SourceDate "2023.10.10"]
[SourceVersion "1"]
[SourceVersionDate "2023.10.10"]
[SourceQuality "1"]

1. Nf3 d5 2. c4 d4 3. b4 f6 4. e3 dxe3 5. fxe3 e5 6. a3 c5 7. bxc5 Bxc5 8. d4 exd4 9. exd4 Bb6 10. Be2 Bg4 11. c5 Ba5+ 12. Kf2 Ne7 13. Qb3 Qd7 14. Nbd2 Nbc6 15. Nc4 Be6 16. Bf4 g5 17. Bd6 g4 18. Nh4 Bd2 19. Rhd1 Bg5 20. g3 Bxh4 21. gxh4 Bd5 22. Qe3 0-0-0 23. Qf4 g3+ 24. hxg3 Ng6 25. Qg4 f5 26. Qh3 Qe6 27. Ne3 Rde8 28. Qxf5 Rhf8 29. Bxf8 Rxf8 30. Qxf8+ Nxf8 31. Bg4 Qxg4 32. Nxg4 Ne6 33. Nf6 1-0

[Event "Bucharest Grand Prix"]
[Site "Bucharest"]
[Date "2023.04.29"]
[Round "2"]
[White "Coicev, Matei Andrei"]
[Black "Samunenkov, Igor"]
[Result "0-1"]
[WhiteElo "2048"]
[BlackElo "2501"]
[PlyCount "50"]
[EventDate "2023.04.29"]
[EventType "swiss (rapid)"]
[EventRounds "10"]
[EventCountry "ROU"]
[SourceTitle "CBM 213 Extra"]
[Source "ChessBase"]
[SourceDate "2023.05.31"]
[SourceVersion "1"]
[SourceVersionDate "2023.05.31"]
[SourceQuality "1"]

1. e4 c5 2. b3 e5 3. Bb2 Nc6 4. Bb5 Nf6 5. Nf3 d6 6. Bxc6+ bxc6 7. d3 Be7 8. Nbd2 Qc7 9. Qe2 Nd7 10. Nc4 Nf8 11. Nfd2 Ne6 12. g3 Nd4 13. Bxd4 cxd4 14. 0-0-0 0-0 15. f4 exf4 16. gxf4 d5 17. Nb2 Qxf4 18. exd5 Bg5 19. Rhf1 Qe3 20. Qf2 cxd5 21. Qg2 Bh3 22. Qxd5 Bxf1 23. Nbc4 Qf4 24. h4 Bh6 25. Kb2 Bh3 0-1

[Event "ROM-ch"]
[Site "Sebes"]
[Date "2023.02.23"]
[Round "6"]
[White "Coicev, Matei Andrei"]
[Black "Cosma, Ioan"]
[Result "0-1"]
[WhiteElo "2007"]
[BlackElo "2368"]
[PlyCount "100"]
[EventDate "2023.02.19"]
[EventType "swiss"]
[EventRounds "9"]
[EventCountry "ROU"]
[SourceTitle "CBM 212 Extra"]
[Source "ChessBase"]
[SourceDate "2023.03.31"]
[SourceVersion "1"]
[SourceVersionDate "2023.03.31"]
[SourceQuality "1"]

1. e4 c5 2. Nf3 d6 3. Bc4 Nf6 4. e5 dxe5 5. Nxe5 e6 6. Qe2 Bd6 7. b3 0-0 8. Bb2 Bxe5 9. Qxe5 b6 10. Nc3 Nc6 11. Qg3 Nd4 12. 0-0-0 Bb7 13. Bd3 Qb8 14. Qh4 Qe5 15. Nb5 Qh5 16. Qxh5 Nxh5 17. Nxd4 cxd4 18. Bxd4 Rfd8 19. Bc3 Bxg2 20. Rhg1 Nf4 21. Bc4 Rac8 22. Rde1 Rc5 23. Be5 Ng6 24. d4 Rxc4 25. bxc4 Bh3 26. Re3 Bf5 27. Rd1 Rc8 28. c5 bxc5 29. dxc5 Nxe5 30. Rxe5 f6 31. Re3 Rxc5 32. c3 e5 33. Rd8+ Kf7 34. Rb8 Rc7 35. Kb2 g5 36. Kb3 Be6+ 37. Kb2 Rd7 38. Re2 h5 39. a4 Bg4 40. Re3 Rd2+ 41. Ka3 Rxf2 42. Rb7+ Kg6 43. Rxa7 Rxh2 44. Re1 h4 45. a5 h3 46. a6 Be6 47. Kb4 Ra2 48. Ra8 h2 49. Rh8 Kg7 50. Rh5 Bg4 0-1

[Event "ROM-ch"]
[Site "Sebes"]
[Date "2023.02.22"]
[Round "5"]
[White "Vrencian, Lehel"]
[Black "Coicev, Matei Andrei"]
[Result "0-1"]
[WhiteElo "2226"]
[BlackElo "2007"]
[PlyCount "66"]
[EventDate "2023.02.19"]
[EventType "swiss"]
[EventRounds "9"]
[EventCountry "ROU"]
[SourceTitle "CBM 212 Extra"]
[Source "ChessBase"]
[SourceDate "2023.03.31"]
[SourceVersion "1"]
[SourceVersionDate "2023.03.31"]
[SourceQuality "1"]

1. e4 c5 2. Nf3 e6 3. d4 cxd4 4. Nxd4 Nc6 5. Nc3 Nf6 6. Nxc6 bxc6 7. e5 Nd5 8. Ne4 Qc7 9. f4 Qb6 10. c4 Bb4+ 11. Ke2 f5 12. Nf2 Ba6 13. Kf3 Ne7 14. Be3 Bc5 15. Bxc5 Qxc5 16. Qd6 Qb6 17. b4 g5 18. fxg5 h6 19. gxh6 Ng6 20. c5 Nh4+ 21. Kg3 Qd8 22. Nh3 Bxf1 23. Raxf1 Rg8+ 24. Kf2 Rxg2+ 25. Ke1 Ng6 26. Qd4 Rg4 27. Qc3 Qh4+ 28. Nf2 Rxb4 29. Kd2 Rd4+ 30. Ke2 Nf4+ 31. Kf3 Nd5 32. Qb2 Qh5+ 33. Kg2 Ne3+ 0-1

[Event "ROM-ch"]
[Site "Sebes"]
[Date "2023.02.19"]
[Round "1"]
[White "Coicev, Matei Andrei"]
[Black "Ghimpu, Samuel Timotei"]
[Result "0-1"]
[WhiteElo "2007"]
[BlackElo "2455"]
[PlyCount "82"]
[EventDate "2023.02.19"]
[EventType "swiss"]
[EventRounds "9"]
[EventCountry "ROU"]
[SourceTitle "CBM 212 Extra"]
[Source "ChessBase"]
[SourceDate "2023.03.31"]
[SourceVersion "1"]
[SourceVersionDate "2023.03.31"]
[SourceQuality "1"]

1. e4 c6 2. Nf3 d5 3. Nc3 Bg4 4. h3 Bxf3 5. Qxf3 e6 6. d4 Nf6 7. exd5 cxd5 8. Bd3 Nc6 9. Ne2 g6 10. 0-0 Bg7 11. c3 0-0 12. Bf4 Re8 13. Rfe1 a6 14. Nc1 Nd7 15. Nb3 e5 16. dxe5 Ndxe5 17. Qg3 Nc4 18. Bxc4 dxc4 19. Nd2 Qd5 20. Qg5 f5 21. h4 Qf7 22. h5 gxh5 23. Nf1 h6 24. Qg3 Kh7 25. Qh3 Be5 26. Bxe5 Nxe5 27. Ng3 Nd3 28. Rxe8 Rxe8 29. b3 f4 30. Nf5 Qf6 31. bxc4 Qxc3 32. Qxh5 Qxa1+ 33. Kh2 Qf6 34. Qxe8 Qxf5 35. Qe7+ Kg6 36. Qxb7 Qe6 37. Qc7 Nxf2 38. c5 Ng4+ 39. Kh3 Ne5+ 40. Kh2 h5 41. Qd8 Ng4+ 0-1

[Event "ROM-chT Blitz"]
[Site "Sebes"]
[Date "2022.12.04"]
[Round "6.22"]
[White "Badau, Iancu Daniel"]
[Black "Coicev, Matei Andrei"]
[Result "1/2-1/2"]
[WhiteElo "1792"]
[BlackElo "2009"]
[PlyCount "67"]
[EventDate "2022.12.04"]
[EventType "team-swiss (blitz)"]
[EventRounds "8"]
[EventCountry "ROU"]
[SourceTitle "CBM 211 Extra"]
[Source "ChessBase"]
[SourceDate "2023.01.31"]
[SourceVersion "1"]
[SourceVersionDate "2023.01.31"]
[SourceQuality "1"]
[WhiteTeam "Targu Mures Juvenes II"]
[BlackTeam "Bucharest CSU"]
[WhiteTeamCountry "ROU"]
[BlackTeamCountry "ROU"]

1. e4 c5 2. Nf3 e6 3. d4 cxd4 4. Nxd4 Nf6 5. Nc3 Nc6 6. Be3 Bb4 7. Bd3 d5 8. Nxc6 bxc6 9. e5 Nd7 10. 0-0 0-0 11. Qh5 g6 12. Qe2 c5 13. Bh6 Re8 14. Bb5 a6 15. Bc6 Rb8 16. Na4 Qc7 17. Bxd7 Bxd7 18. b3 Bxa4 19. bxa4 Bc3 20. Rab1 Rxb1 21. Rxb1 Rb8 22. Rb3 Rxb3 23. axb3 Qxe5 24. Qxe5 Bxe5 25. f4 Bd4+ 26. Kf1 f5 27. Ke2 Kf7 28. Kd3 Ke7 29. b4 Bg1 30. Bg5+ Kd6 31. bxc5+ Kxc5 32. h3 Kb4 33. a5 Kxa5 34. Kc3 1/2-1/2

[Event "ROM-chT Blitz"]
[Site "Sebes"]
[Date "2022.12.04"]
[Round "4.22"]
[White "Burja Udrea, Razvan Andrei"]
[Black "Coicev, Matei Andrei"]
[Result "0-1"]
[WhiteElo "1365"]
[BlackElo "2009"]
[PlyCount "48"]
[EventDate "2022.12.04"]
[EventType "team-swiss (blitz)"]
[EventRounds "8"]
[EventCountry "ROU"]
[SourceTitle "CBM 211 Extra"]
[Source "ChessBase"]
[SourceDate "2023.01.31"]
[SourceVersion "1"]
[SourceVersionDate "2023.01.31"]
[SourceQuality "1"]
[WhiteTeam "Alba Iulia Unirea III"]
[BlackTeam "Bucharest CSU"]
[WhiteTeamCountry "ROU"]
[BlackTeamCountry "ROU"]

1. e4 c5 2. Nf3 e6 3. d4 cxd4 4. Nxd4 Nf6 5. Nc3 Nc6 6. Be3 Bb4 7. f3 d5 8. Bd3 dxe4 9. Bxe4 Nxe4 10. fxe4 Qh4+ 11. Kf1 Bxc3 12. bxc3 Qxe4 13. Qe2 0-0 14. Nxc6 Qxc6 15. Rd1 e5 16. h4 Be6 17. h5 Bc4 18. Rd3 e4 19. h6 g6 20. Kf2 exd3 21. cxd3 Bd5 22. Qb2 Qf6+ 23. Ke2 Rfe8 24. Kd2 Rxe3 0-1

[Event "ROM-chT Blitz"]
[Site "Sebes"]
[Date "2022.12.04"]
[Round "3.26"]
[White "Coicev, Matei Andrei"]
[Black "Tinta, Gheorghe"]
[Result "1-0"]
[WhiteElo "2009"]
[BlackElo "1860"]
[PlyCount "121"]
[EventDate "2022.12.04"]
[EventType "team-swiss (blitz)"]
[EventRounds "8"]
[EventCountry "ROU"]
[SourceTitle "CBM 211 Extra"]
[Source "ChessBase"]
[SourceDate "2023.01.31"]
[SourceVersion "1"]
[SourceVersionDate "2023.01.31"]
[SourceQuality "1"]
[WhiteTeam "Bucharest CSU"]
[BlackTeam "Medgidia"]
[WhiteTeamCountry "ROU"]
[BlackTeamCountry "ROU"]

1. Nf3 g6 2. b3 Bg7 3. d4 c5 4. e3 cxd4 5. exd4 Nf6 6. Bb2 0-0 7. Be2 d5 8. 0-0 Nc6 9. h3 Bd7 10. Ne5 Rc8 11. Nxc6 Bxc6 12. Nd2 Re8 13. Nf3 Ne4 14. Nd2 e5 15. dxe5 Nxd2 16. Qxd2 Bxe5 17. Bxe5 Rxe5 18. Bg4 f5 19. Bf3 d4 20. Bxc6 Rxc6 21. Rfe1 Rec5 22. Rac1 Kg7 23. Red1 Rd6 24. Qb4 b6 25. Qd2 h5 26. Qf4 Qf6 27. Rd2 g5 28. Qf3 Kg6 29. Rcd1 Rcd5 30. Rd3 g4 31. hxg4 hxg4 32. Qf4 Qe5 33. Qxe5 Rxe5 34. Kf1 Red5 35. g3 Kf6 36. Ke2 Ke5 37. Kd2 Rc5 38. Re1+ Kd5 39. Re8 Rdc6 40. Rd8+ Ke6 41. Re8+ Kf7 42. Ra8 Rxc2+ 43. Ke1 Rxa2 44. Kf1 Rcc2 45. Rxd4 Rxf2+ 46. Kg1 Rfb2 47. Rd7+ Ke6 48. Rd1 Rg2+ 49. Kh1 Rxg3 50. Re8+ Kf6 51. Rf8+ Kg5 52. b4 Rh3+ 53. Kg1 g3 54. Rg8+ Kf6 55. b5 Rg2+ 56. Kxg2 Rh2+ 57. Kxg3 Rb2 58. Rf8+ Ke7 59. Rxf5 Rb3+ 60. Kf2 Rb2+ 61. Ke3 1-0

[Event "ROM-chT Blitz"]
[Site "Sebes"]
[Date "2022.12.04"]
[Round "8.18"]
[White "Daianu, Cristian Clement"]
[Black "Coicev, Matei Andrei"]
[Result "0-1"]
[WhiteElo "2189"]
[BlackElo "2009"]
[PlyCount "96"]
[EventDate "2022.12.04"]
[EventType "team-swiss (blitz)"]
[EventRounds "8"]
[EventCountry "ROU"]
[SourceTitle "CBM 211 Extra"]
[Source "ChessBase"]
[SourceDate "2023.01.31"]
[SourceVersion "1"]
[SourceVersionDate "2023.01.31"]
[SourceQuality "1"]
[WhiteTeam "Otopeni"]
[BlackTeam "Bucharest CSU"]
[WhiteTeamCountry "ROU"]
[BlackTeamCountry "ROU"]

1. e4 c5 2. Nf3 e6 3. d4 cxd4 4. Nxd4 Nf6 5. Nc3 Nc6 6. Be2 Bb4 7. 0-0 0-0 8. Qd3 Bxc3 9. bxc3 e5 10. Nb5 d5 11. exd5 Qxd5 12. Nc7 Qxd3 13. cxd3 Rb8 14. Rb1 h6 15. Bf3 Bf5 16. Rd1 Rfc8 17. Nb5 Rd8 18. Be2 a6 19. Na3 Nd5 20. Bd2 Nf6 21. Be1 b5 22. Rbc1 Rbc8 23. Nc2 Nd5 24. Ne3 Nf4 25. Bf1 Bxd3 26. g3 Ne2+ 27. Bxe2 Bxe2 28. Rxd8+ Rxd8 29. f4 exf4 30. gxf4 Na5 31. Kf2 Bc4 32. Kf3 Bd5+ 33. Kg3 Nc4 34. Ng4 Be6 35. Bf2 Bxg4 36. Kxg4 Rd2 37. Bd4 Rxh2 38. a3 h5+ 39. Kg5 f6+ 40. Kf5 Kf7 41. Ke4 Re2+ 42. Kd5 h4 43. a4 h3 44. axb5 axb5 45. Kc5 h2 46. Kxb5 Nd2 47. c4 Nb3 48. Rh1 Nxd4+ 0-1

[Event "ROM-chT Rapid"]
[Site "Sebes"]
[Date "2022.12.03"]
[Round "4.30"]
[White "Tariceanu, Victor"]
[Black "Coicev, Matei Andrei"]
[Result "1/2-1/2"]
[WhiteElo "1636"]
[BlackElo "2009"]
[PlyCount "85"]
[EventDate "2022.12.03"]
[EventType "team-swiss (rapid)"]
[EventRounds "8"]
[EventCountry "ROU"]
[SourceTitle "CBM 211 Extra"]
[Source "ChessBase"]
[SourceDate "2023.01.31"]
[SourceVersion "1"]
[SourceVersionDate "2023.01.31"]
[SourceQuality "1"]
[WhiteTeam "Bucharest CCS 2"]
[BlackTeam "Bucharest CSU"]
[WhiteTeamCountry "ROU"]
[BlackTeamCountry "ROU"]

1. e4 c5 2. g3 Nc6 3. Bg2 g6 4. Ne2 Bg7 5. c3 e5 6. 0-0 Nge7 7. d3 0-0 8. Be3 d6 9. Nd2 b6 10. c4 f5 11. a3 Rb8 12. Qc2 Nd4 13. Bxd4 exd4 14. f4 fxe4 15. dxe4 Be6 16. Qd3 Qd7 17. Rfe1 b5 18. b3 bxc4 19. bxc4 Rb2 20. Reb1 Rfb8 21. Rxb2 Rxb2 22. Rb1 Qb7 23. Rxb2 Qxb2 24. h3 Bd7 25. Nf3 Ba4 26. Ne1 Qb3 27. Nc1 Qc3 28. Qxc3 dxc3 29. Ned3 Bd4+ 30. Kf1 Nc6 31. e5 dxe5 32. Bxc6 Bxc6 33. Nxe5 Bxe5 34. fxe5 Bd7 35. Ke2 Bf5 36. g4 Be4 37. Ke3 Bb1 38. Ne2 c2 39. Nc1 Kf7 40. Kf4 Ke6 41. g5 Ke7 42. Ke4 Ke6 43. a4 1/2-1/2

[Event "Sebes Romanian Rapid op"]
[Site "Sebes"]
[Date "2022.12.02"]
[Round "2"]
[White "Sfarlog, Tudor Vlad"]
[Black "Coicev, Matei Andrei"]
[Result "1/2-1/2"]
[WhiteElo "2283"]
[BlackElo "2009"]
[PlyCount "75"]
[EventDate "2022.12.02"]
[EventType "swiss (rapid)"]
[EventRounds "8"]
[EventCountry "ROU"]
[SourceTitle "CBM 211 Extra"]
[Source "ChessBase"]
[SourceDate "2023.01.31"]
[SourceVersion "1"]
[SourceVersionDate "2023.01.31"]
[SourceQuality "1"]

1. Nf3 Nf6 2. c4 e6 3. g3 b6 4. Bg2 Bb7 5. 0-0 Be7 6. Nc3 0-0 7. Re1 d5 8. cxd5 exd5 9. d4 Ne4 10. Bf4 Nd7 11. Rc1 Nxc3 12. bxc3 Nf6 13. c4 dxc4 14. Rxc4 Nd5 15. Ne5 Rb8 16. Bc1 Bf6 17. Nc6 Bxc6 18. Rxc6 Ne7 19. Rc4 b5 20. Rc2 Bxd4 21. Rd2 Bc3 22. Rxd8 Rbxd8 23. Bd2 Rxd2 24. Qc1 b4 25. Rd1 Rfd8 26. Rxd2 Rxd2 27. Qb1 Rxe2 28. Bf1 Re1 29. Qd3 g6 30. Qd8+ Kg7 31. Qxc7 Nf5 32. Kg2 Nd4 33. Bc4 Ne6 34. Qxa7 Re4 35. Bd5 Re5 36. Bxe6 Rxe6 37. Qd7 Re2 38. Qd5 1/2-1/2

[Event "Braila GP RO Stage 5"]
[Site "Braila"]
[Date "2022.11.06"]
[Round "7"]
[White "Sliwicka, Alicja"]
[Black "Coicev, Matei Andrei"]
[Result "1-0"]
[WhiteElo "2250"]
[BlackElo "2009"]
[PlyCount "139"]
[EventDate "2022.11.05"]
[EventType "swiss (rapid)"]
[EventRounds "10"]
[EventCountry "ROU"]
[SourceTitle "EXT 2024"]
[Source "ChessBase"]
[SourceDate "2023.10.10"]
[SourceVersion "1"]
[SourceVersionDate "2023.10.10"]
[SourceQuality "1"]

1. e4 c5 2. Nf3 e6 3. d4 cxd4 4. Nxd4 Nf6 5. Nc3 Nc6 6. Nb3 Bb4 7. Bd3 0-0 8. 0-0 b6 9. f4 Bxc3 10. bxc3 d5 11. exd5 Nxd5 12. Qf3 Bb7 13. Bb2 Qc7 14. a3 f5 15. Rae1 Rae8 16. Qf2 Nf6 17. Nd2 Na5 18. c4 Ng4 19. Qg3 Qc6 20. h3 Nf6 21. Rf2 Ba6 22. Nf3 Nxc4 23. Ne5 Nxe5 24. Bxe5 Bxd3 25. cxd3 g6 26. Qe3 Nd5 27. Qd2 Rc8 28. Ba1 Nf6 29. Rfe2 Rce8 30. Rc1 Qd7 31. Rce1 Nd5 32. Qb2 Nf6 33. a4 Qxd3 34. Rxe6 Rxe6 35. Rxe6 Qd1+ 36. Kh2 Qf1 37. Qe5 Qf2 38. Bd4 Qh4 39. Rxf6 Rxf6 40. Qxf6 Qxf4+ 41. Kh1 Qf1+ 42. Bg1 Qd1 43. Qe6+ Kf8 44. Qc8+ Ke7 45. Qb7+ Qd7 46. Qa6 Qc7 47. Bf2 Qc1+ 48. Kh2 Qc7+ 49. Bg3 f4 50. Qe2+ Kf7 51. Qf3 g5 52. Bf2 Qd7 53. Qe4 Kg8 54. Bd4 a6 55. Qe5 b5 56. Qh8+ Kf7 57. Qxh7+ Ke6 58. Qe4+ Kf7 59. Qh7+ Ke6 60. Qxd7+ Kxd7 61. axb5 axb5 62. Kg1 Ke6 63. Kf2 Kf5 64. Kf3 b4 65. Ba1 b3 66. Bb2 Kg6 67. Kg4 Kh6 68. h4 gxh4 69. Kxh4 f3 70. gxf3 1-0

[Event "Wch U14"]
[Site "Mamaia"]
[Date "2022.09.08"]
[Round "3"]
[White "Coicev, Matei Andrei"]
[Black "Habans Aguerrea, Javier"]
[Result "0-1"]
[WhiteElo "2068"]
[BlackElo "2387"]
[PlyCount "92"]
[EventDate "2022.09.06"]
[EventType "swiss"]
[EventRounds "11"]
[EventCountry "ROU"]
[SourceTitle "CBM 210 Extra"]
[Source "ChessBase"]
[SourceDate "2022.11.30"]
[SourceVersion "1"]
[SourceVersionDate "2022.11.30"]
[SourceQuality "1"]

1. e4 c6 2. Ne2 d5 3. e5 c5 4. d4 Nc6 5. c3 g6 6. Nf4 Bg7 7. Bb5 e6 8. Nd3 cxd4 9. Bxc6+ bxc6 10. cxd4 Qb6 11. Qc2 Ne7 12. Nc5 Nf5 13. Be3 f6 14. exf6 Bxf6 15. Qd2 e5 16. Na4 Qc7 17. 0-0 Nxd4 18. Bxd4 exd4 19. Re1+ Kf7 20. Nc5 Qd6 21. Nb3 c5 22. Rc1 c4 23. Nxd4 Qb6 24. Rd1 Bg4 25. f3 Bf5 26. Kh1 Bd3 27. Nb3 d4 28. Na3 Rac8 29. Na5 Rhe8 30. Re1 Re3 31. Rac1 c3 32. bxc3 Rxe1+ 33. Rxe1 Qxa5 34. Qxd3 Qxa3 35. Qe4 Qxc3 36. Qe6+ Kg7 37. Qd7+ Kh8 38. Qe6 d3 39. h4 d2 40. Rd1 Rc4 41. Qe8+ Kg7 42. Qd7+ Kh6 43. Qxd2+ Qxd2 44. Rxd2 Rxh4+ 45. Kg1 Bd4+ 46. Kf1 Bb6 0-1